Countries That End In Letter Y - Statistics

General Stats
  • This quiz has been taken 46 times
    13 since last reset
  • The average score is 5 of 7
Answer Stats
Answer % Correct
Germany
91%
Norway
82%
Paraguay
82%
Uruguay
82%
Italy
73%
Hungary
64%
Turkey
64%
No matching quizzes found
Score Distribution
Percent of People with Each Score
Percentile by Number Answered
Your Score History
You have not taken this quiz since the last reset